[Event "Osijek op"]
[Site "Osijek"]
[Date "2015.03.06"]
[Round "3"]
[White "Djaic, Kristijan"]
[Black "Orak, Tugomir"]
[Result "1/2-1/2"]
[WhiteElo "1803"]
[BlackElo "1973"]
[PlyCount "78"]
[EventDate "2015.03.05"]
[EventType "swiss"]
[EventRounds "7"]
[EventCountry "CRO"]
[SourceTitle "CBM 165 Extra"]
[Source "ChessBase"]
[SourceDate "2015.04.21"]
[SourceVersion "1"]
[SourceVersionDate "2015.04.21"]
[SourceQuality "1"]

1. c4 Nf6 2. d4 g6 3. Bf4 Bg7 4. e3 0-0 5. Nc3 d6 6. Nf3 Nbd7 7. Be2 Re8 8. 0-0 c6 9. Qc2 Qa5 10. Rfd1 e5 11. dxe5 dxe5 12. Bg3 Nh5 13. e4 Nxg3 14. hxg3 Nf8 15. Rd2 Bg4 16. Rad1 Bxf3 17. gxf3 Ne6 18. Qa4 Qb6 19. b4 Nd4 20. c5 Qc7 21. Kg2 Bh6 22. Rb2 Bf8 23. Rh1 a5 24. b5 Bxc5 25. bxc6 bxc6 26. Bc4 Reb8 27. Rhb1 Rxb2 28. Rxb2 Kg7 29. Ne2 Rd8 30. Nxd4 Rxd4 31. Rc2 Bf8 32. Qb3 c5 33. Qe3 Qd8 34. f4 exf4 35. Qxf4 Qe8 36. Bd5 Qe7 37. Rxc5 Rxe4 38. Qxe4 Qxe4+ 39. Bxe4 Bxc5 1/2-1/2

[Event "Osijek-ch op"]
[Site "Osijek"]
[Date "2014.02.21"]
[Round "4"]
[White "Ivekovic, Ana"]
[Black "Djaic, Kristijan"]
[Result "1-0"]
[WhiteElo "2093"]
[BlackElo "1764"]
[PlyCount "75"]
[EventDate "2014.02.20"]
[EventType "swiss"]
[EventRounds "7"]
[EventCountry "CRO"]
[SourceTitle "CBM 159 Extra"]
[Source "ChessBase"]
[SourceDate "2014.04.24"]
[SourceVersion "1"]
[SourceVersionDate "2014.04.24"]
[SourceQuality "1"]

1. d4 d5 2. c4 Nc6 3. e3 Nf6 4. Nc3 Be6 5. b3 Bg4 6. Be2 Bxe2 7. Ngxe2 e6 8. 0-0 Ne7 9. Ba3 g5 10. Rc1 c6 11. cxd5 Nexd5 12. Bxf8 Kxf8 13. e4 Nxc3 14. Nxc3 h5 15. Qd2 Ng4 16. f3 Nh6 17. Rfd1 g4 18. Qf2 Qf6 19. f4 Rd8 20. d5 cxd5 21. exd5 a6 22. Ne4 Qg6 23. Nc5 exd5 24. Nxb7 Rb8 25. Qc5+ Kg7 26. Rxd5 Kh7 27. Nd6 Rhd8 28. f5 Qg5 29. Ne4 Qg7 30. Rcd1 Rb5 31. Qxb5 axb5 32. Rxd8 Nxf5 33. R8d5 Qg6 34. Rf1 Ne3 35. Rxh5+ Kg7 36. Rg5 Nxf1 37. Rxg6+ Kxg6 38. Kxf1 1-0

[Event "Osijek-ch op"]
[Site "Osijek"]
[Date "2014.02.20"]
[Round "2"]
[White "Djaic, Kristijan"]
[Black "Fures, Ivica"]
[Result "1-0"]
[WhiteElo "1764"]
[BlackElo "1912"]
[PlyCount "45"]
[EventDate "2014.02.20"]
[EventType "swiss"]
[EventRounds "7"]
[EventCountry "CRO"]
[SourceTitle "CBM 159 Extra"]
[Source "ChessBase"]
[SourceDate "2014.04.24"]
[SourceVersion "1"]
[SourceVersionDate "2014.04.24"]
[SourceQuality "1"]

1. d4 Nf6 2. Bf4 d6 3. e3 c5 4. c3 cxd4 5. exd4 Bd7 6. Bc4 e6 7. Nf3 Bc6 8. 0-0 Qc7 9. Nbd2 Be7 10. Ng5 Bd7 11. Re1 Qc8 12. Bb3 h6 13. Nge4 Qc6 14. Nxf6+ Bxf6 15. d5 Qc8 16. dxe6 fxe6 17. Bxd6 h5 18. Ne4 Be7 19. Bxe7 Kxe7 20. Qd6+ Ke8 21. Bxe6 Rh6 22. Bxd7+ Nxd7 23. Ng5+ 1-0

[Event "Osijek Baranja CupT 6th"]
[Site "Osijek"]
[Date "2013.03.10"]
[Round "5.3"]
[White "Hlavac, Iva"]
[Black "Djaic, Kristijan"]
[Result "1/2-1/2"]
[WhiteElo "1931"]
[BlackElo "1764"]
[PlyCount "59"]
[EventDate "2013.03.08"]
[EventType "team-tourn"]
[EventRounds "5"]
[EventCountry "CRO"]
[SourceTitle "EXT 2014"]
[Source "ChessBase"]
[SourceDate "2013.11.20"]
[SourceVersion "1"]
[SourceVersionDate "2013.11.20"]
[SourceQuality "1"]

1. e4 d5 2. exd5 Qxd5 3. Nc3 Qe5+ 4. Qe2 Qxe2+ 5. Bxe2 e5 6. Nf3 f6 7. d4 exd4 8. Nxd4 c6 9. 0-0 Bd6 10. Bc4 Ne7 11. Ne4 Be5 12. Ne6 Bxe6 13. Bxe6 Na6 14. Rd1 Rd8 15. Rxd8+ Kxd8 16. c3 Ng6 17. Be3 b6 18. Rd1+ Ke7 19. Bf5 Rd8 20. Rxd8 Kxd8 21. g3 Ke7 22. f4 Bb8 23. b4 Nc7 24. c4 Ne8 25. c5 Bc7 26. a4 Nf8 27. b5 g6 28. Bc8 f5 29. Nc3 Nd7 30. Bb7 1/2-1/2

[Event "Osijek-ch op"]
[Site "Osijek"]
[Date "2012.02.26"]
[Round "7"]
[White "Djaic, Kristijan"]
[Black "Oreskovic, Pero"]
[Result "0-1"]
[WhiteElo "1750"]
[BlackElo "2076"]
[PlyCount "104"]
[EventDate "2012.02.23"]
[EventType "swiss"]
[EventRounds "7"]
[EventCountry "CRO"]
[SourceTitle "EXT 2013"]
[Source "ChessBase"]
[SourceDate "2012.11.22"]
[SourceVersion "1"]
[SourceVersionDate "2012.11.22"]
[SourceQuality "1"]

1. d4 Nf6 2. Bf4 d6 3. e3 g6 4. h3 Bg7 5. Nf3 Nbd7 6. Nbd2 c5 7. c3 0-0 8. Be2 cxd4 9. cxd4 Nd5 10. Bh2 e5 11. Nb3 e4 12. Nfd2 Qe7 13. Nc4 Qg5 14. 0-0 N7f6 15. Kh1 Ne8 16. Bxd6 Nxd6 17. Nxd6 Qe7 18. Nxc8 Raxc8 19. Rc1 h5 20. a3 Kh7 21. Bxh5 f5 22. Be2 f4 23. Bc4 Nb6 24. Nd2 fxe3 25. fxe3 Bh6 26. Qe2 Nd7 27. Ba2 Nf6 28. g4 Bg5 29. Qe1 Rxc1 30. Qxc1 Bxe3 31. Qe1 Bxd4 32. Nxe4 Nxe4 33. Kg2 Rxf1 34. Qxf1 Nd2 35. Qd3 Qe4+ 36. Qxe4 Nxe4 37. Bd5 Nd6 38. b3 g5 39. Kf3 Kg7 40. Ke2 Kf6 41. Kf3 Ke5 42. Bg8 Ne4 43. a4 a5 44. Bf7 b6 45. Bg8 Bc5 46. Bf7 Kd4 47. Be6 Nd2+ 48. Kg3 Bd6+ 49. Kg2 Kc3 50. h4 gxh4 51. g5 Be7 52. g6 Bf6 0-1

[Event "Osijek-ch op"]
[Site "Osijek"]
[Date "2012.02.25"]
[Round "5"]
[White "Djaic, Kristijan"]
[Black "Lucan, Darko"]
[Result "1-0"]
[WhiteElo "1750"]
[BlackElo "1948"]
[PlyCount "111"]
[EventDate "2012.02.23"]
[EventType "swiss"]
[EventRounds "7"]
[EventCountry "CRO"]
[SourceTitle "EXT 2013"]
[Source "ChessBase"]
[SourceDate "2012.11.22"]
[SourceVersion "1"]
[SourceVersionDate "2012.11.22"]
[SourceQuality "1"]

1. d4 Nf6 2. Bf4 c6 3. c3 g6 4. h3 Bg7 5. Nd2 d5 6. Ngf3 0-0 7. e3 Bf5 8. Qb3 Qb6 9. Be2 Nbd7 10. 0-0 Ne4 11. Nxe4 Qxb3 12. axb3 dxe4 13. Nd2 Nf6 14. b4 h6 15. Nc4 g5 16. Bh2 Ne8 17. Na5 Bc8 18. f3 exf3 19. Bxf3 Nd6 20. e4 f6 21. Rfe1 e5 22. Rad1 Nb5 23. d5 cxd5 24. exd5 Nd6 25. Rc1 b6 26. Nc6 Bb7 27. c4 Nf5 28. Red1 Bxc6 29. dxc6 Nd4 30. Bd5+ Kh8 31. Kf1 Rfc8 32. b5 a6 33. Bg1 axb5 34. Bxd4 exd4 35. cxb5 Ra5 36. Bc4 f5 37. Ra1 Be5 38. Rxa5 bxa5 39. b3 Kg7 40. Be6 Rb8 41. Rc1 Kf6 42. Bd7 Bc7 43. Rc5 f4 44. Bg4 Rd8 45. Ke1 Re8+ 46. Kd1 Re5 47. Rxe5 Kxe5 48. Kd2 Kd5 49. Be2 Kc5 50. Bd3 Kb4 51. Kc2 Bb6 52. Kb2 Bc7 53. Kc2 h5 54. Be2 g4 55. hxg4 h4 56. g5 1-0

[Event "Osijek op"]
[Site "Osijek"]
[Date "2010.01.31"]
[Round "9"]
[White "Djaic, Kristijan"]
[Black "Oreskovic, Pero"]
[Result "0-1"]
[WhiteElo "1641"]
[BlackElo "2117"]
[PlyCount "32"]
[EventDate "2010.01.23"]
[EventType "swiss"]
[EventRounds "9"]
[EventCountry "CRO"]
[SourceTitle "CBM 134 Extra"]
[Source "ChessBase"]
[SourceDate "2010.03.03"]
[SourceVersion "1"]
[SourceVersionDate "2010.03.03"]
[SourceQuality "1"]

1. e4 c5 2. f4 e6 3. Nf3 Nc6 4. Nc3 d5 5. e5 Nh6 6. Bb5 Bd7 7. 0-0 a6 8. Bxc6 Bxc6 9. d4 Nf5 10. g4 Nxd4 11. Nxd4 cxd4 12. Qxd4 Rc8 13. Kh1 b6 14. Ne2 Bc5 15. Qd1 d4+ 16. Kg1 d3+ 0-1

[Event "Osijek op"]
[Site "Osijek"]
[Date "2010.01.23"]
[Round "2"]
[White "Grguric, Stjepan Kresimir"]
[Black "Djaic, Kristijan"]
[Result "1-0"]
[WhiteElo "1932"]
[BlackElo "1641"]
[PlyCount "63"]
[EventDate "2010.01.23"]
[EventType "swiss"]
[EventRounds "9"]
[EventCountry "CRO"]
[SourceTitle "CBM 134 Extra"]
[Source "ChessBase"]
[SourceDate "2010.03.03"]
[SourceVersion "1"]
[SourceVersionDate "2010.03.03"]
[SourceQuality "1"]

1. e4 Nc6 2. d4 d5 3. e5 Bf5 4. c3 e6 5. Bd3 Bxd3 6. Qxd3 f5 7. Nf3 Be7 8. Nbd2 Nh6 9. c4 Nb4 10. Qb3 a5 11. a3 a4 12. Qc3 Nc6 13. 0-0 g5 14. b4 g4 15. Ne1 f4 16. Bb2 Nf5 17. Nc2 Bg5 18. b5 Nce7 19. cxd5 Nxd5 20. Qd3 f3 21. g3 Bxd2 22. Qxd2 h5 23. Nb4 h4 24. Nxd5 exd5 25. Qf4 Nh6 26. Rac1 hxg3 27. fxg3 Qd7 28. e6 Qxb5 29. Qxc7 Ng8 30. Qf7+ Kd8 31. Qf8+ Qe8 32. Qd6+ 1-0

[Event "Osijek op"]
[Site "Osijek"]
[Date "2008.12.12"]
[Round "5"]
[White "Djaic, Kristijan"]
[Black "Bokun, Josip"]
[Result "1/2-1/2"]
[WhiteElo "1600"]
[BlackElo "1895"]
[PlyCount "70"]
[EventDate "2008.12.08"]
[EventType "swiss"]
[EventRounds "9"]
[EventCountry "CRO"]
[SourceTitle "CBM 128 Extra"]
[Source "ChessBase"]
[SourceDate "2009.03.05"]
[SourceVersion "2"]
[SourceVersionDate "2009.03.25"]
[SourceQuality "1"]

1. e4 c5 2. Nf3 Nc6 3. d4 cxd4 4. Nxd4 g6 5. Nxc6 bxc6 6. Bc4 Bg7 7. Qf3 e6 8. 0-0 d5 9. exd5 cxd5 10. Bb5+ Bd7 11. Bxd7+ Qxd7 12. c4 Ne7 13. Nc3 Bxc3 14. Qxc3 d4 15. Qf3 Rc8 16. Qf6 Rg8 17. b3 Rc5 18. Bb2 Nc6 19. Rad1 Rf5 20. Qh4 f6 21. Bxd4 g5 22. Qh5+ Qf7 23. Qxf7+ Kxf7 24. Bxa7 Ra8 25. Be3 Rxa2 26. Rd7+ Kg6 27. Rd6 Na5 28. Rxe6 Nxb3 29. g4 Rfa5 30. f4 Re2 31. fxg5 Ra1 32. Rexf6+ Kg7 33. Rf7+ Kg8 34. Rf8+ Kg7 35. R8f7+ Kg8 1/2-1/2

[Event "Osijek op 3rd"]
[Site "Osijek"]
[Date "2007.12.16"]
[Round "9.13"]
[White "Djaic, Kristijan"]
[Black "Masirevic, Miroljub"]
[Result "0-1"]
[WhiteElo "1605"]
[BlackElo "2028"]
[PlyCount "146"]
[EventDate "2007.12.08"]
[EventType "swiss"]
[EventRounds "9"]
[EventCountry "CRO"]
[SourceTitle "CBM 121 Extra"]
[Source "ChessBase"]
[SourceDate "2008.01.10"]
[SourceVersion "1"]
[SourceVersionDate "2008.01.10"]
[SourceQuality "1"]

1. c4 e5 2. Nc3 Nc6 3. Nf3 Nf6 4. e3 d6 5. d4 Bg4 6. Be2 Be7 7. 0-0 0-0 8. d5 Nb8 9. Ng5 Bxe2 10. Qxe2 h6 11. Nge4 Nxe4 12. Nxe4 f5 13. Ng3 Qe8 14. b3 Nd7 15. Bb2 Bd8 16. Rae1 Qg6 17. Qd3 e4 18. Qd2 Bf6 19. Ne2 Ne5 20. Bxe5 Bxe5 21. Nf4 Qf6 22. Re2 Bxf4 23. exf4 b6 24. g3 a5 25. a4 Rf7 26. f3 Re7 27. fxe4 fxe4 28. Rfe1 Rae8 29. Kg2 Qf5 30. Qd4 h5 31. h4 Kf7 32. Re3 Kg6 33. R1e2 Qf6 34. Qxf6+ gxf6 35. Rc3 f5 36. Kf2 Rc8 37. Ke3 c6 38. Rd2 c5 39. Rc1 Kf6 40. Rg1 Rg8 41. Rdg2 Rg4 42. Rh1 Reg7 43. Rh3 Ke7 44. Rg1 Kd7 45. Rg2 Kc7 46. Rg1 Kb7 47. Rg2 Rg8 48. Rg1 b5 49. axb5 Kb6 50. Rg2 a4 51. bxa4 Ka5 52. Kf2 Kxa4 53. Rh1 Kb4 54. Rc1 Ra8 55. Kg1 Ra3 56. Rb2+ Rb3 57. Rxb3+ Kxb3 58. Kg2 Kb2 59. Re1 Kc3 60. Rc1+ Kd2 61. Ra1 Kd3 62. Ra6 Kxc4 63. Rxd6 Kxb5 64. Rf6 c4 65. d6 c3 66. d7 Rg8 67. Rxf5+ Kb4 68. Re5 Rd8 69. Rxe4+ Kb3 70. Kf3 Rxd7 71. f5 c2 72. Re1 Rd1 73. Re3+ Kc4 0-1

[Event "Osijek op 3rd"]
[Site "Osijek"]
[Date "2007.12.15"]
[Round "8.15"]
[White "Petrovic, David"]
[Black "Djaic, Kristijan"]
[Result "1-0"]
[WhiteElo "1600"]
[BlackElo "1605"]
[PlyCount "77"]
[EventDate "2007.12.08"]
[EventType "swiss"]
[EventRounds "9"]
[EventCountry "CRO"]
[SourceTitle "CBM 121 Extra"]
[Source "ChessBase"]
[SourceDate "2008.01.10"]
[SourceVersion "1"]
[SourceVersionDate "2008.01.10"]
[SourceQuality "1"]

1. e4 c5 2. c3 d5 3. exd5 Qxd5 4. d4 cxd4 5. cxd4 Nc6 6. Nf3 Bg4 7. Be2 Rd8 8. Nc3 Qd7 9. d5 Nb4 10. Bb5 Nc6 11. dxc6 Qe6+ 12. Qe2 bxc6 13. Qxe6 Bxe6 14. Bxc6+ Bd7 15. Bxd7+ Rxd7 16. 0-0 Rb7 17. b3 g6 18. Bb2 Bg7 19. Rab1 e6 20. Ne4 Kf8 21. Bxg7+ Kxg7 22. Rfd1 Nf6 23. Nxf6 Kxf6 24. Rd6 Rc8 25. h3 Rc2 26. a4 Ra2 27. Ra6 Rc7 28. b4 Rcc2 29. Rf1 Rcb2 30. b5 Rb4 31. Rxa7 Rxb5 32. axb5 Rxa7 33. Rb1 e5 34. b6 Rb7 35. Nd2 Kf5 36. Nc4 Kf4 37. Nd6 Rd7 38. Nxf7 Rxf7 39. b7 1-0

[Event "Osijek op"]
[Site "Osijek"]
[Date "2007.02.13"]
[Round "7"]
[White "Kroo, Ivica"]
[Black "Djaic, Kristijan"]
[Result "1-0"]
[WhiteElo "1906"]
[BlackElo "1616"]
[PlyCount "81"]
[EventDate "2007.02.08"]
[EventType "swiss"]
[EventRounds "9"]
[EventCountry "CRO"]
[SourceTitle "CBM 116 Extra"]
[Source "ChessBase"]
[SourceDate "2007.03.07"]
[SourceVersion "1"]
[SourceVersionDate "2007.03.07"]
[SourceQuality "1"]

1. d4 Nf6 2. Nf3 d5 3. c4 e6 4. Bf4 Bd6 5. Bg5 h6 6. Bh4 g5 7. Bg3 Ne4 8. Qc2 h5 9. Be5 f6 10. Bxd6 Qxd6 11. c5 Qf4 12. e3 Qf5 13. h3 Rg8 14. Nc3 g4 15. Nh4 Qg5 16. g3 Nc6 17. Nxe4 dxe4 18. Qxe4 f5 19. Qc2 Nb4 20. Qa4+ Nc6 21. 0-0-0 Bd7 22. Qb3 0-0-0 23. Bg2 gxh3 24. Bxh3 Ne7 25. Bg2 Bc6 26. Nf3 Qh6 27. Qa3 Bxf3 28. Bxf3 Nd5 29. Rxh5 Qf6 30. Qxa7 c6 31. Rh7 Rg7 32. Rdh1 Qg5 33. R1h5 Qe7 34. Rh8 Nb4 35. Qa8+ Kc7 36. Qa5+ Kb8 37. Rxd8+ Qxd8 38. Qxd8+ Ka7 39. Rh8 Nd3+ 40. Kd2 Nxf2 41. Qa5# 1-0

[Event "Osijek op"]
[Site "Osijek"]
[Date "2005.02.16"]
[Round "6"]
[White "Djaic, Kristijan"]
[Black "Svetinovic, Darjan"]
[Result "1-0"]
[WhiteElo "1600"]
[BlackElo "1744"]
[PlyCount "99"]
[EventDate "2005.02.12"]
[EventType "swiss"]
[EventRounds "9"]
[EventCountry "CRO"]
[SourceTitle "EXT 2006"]
[Source "ChessBase"]
[SourceDate "2005.11.24"]
[SourceVersion "1"]
[SourceVersionDate "2005.11.24"]
[SourceQuality "1"]

1. d4 d5 2. Bg5 Nf6 3. Nc3 c6 4. Qd2 Nbd7 5. 0-0-0 e6 6. f4 Be7 7. h3 h6 8. Bh4 Nb6 9. e3 Bd7 10. Nf3 Ne4 11. Bxe7 Qxe7 12. Nxe4 dxe4 13. Ne5 f6 14. Ng6 Qd6 15. Nxh8 Nd5 16. h4 Ne7 17. g4 Qc7 18. h5 0-0-0 19. Ng6 Nxg6 20. hxg6 Be8 21. Bc4 Qd6 22. Qa5 Kb8 23. Bxe6 b6 24. Qf5 Bd7 25. Bxd7 Qxd7 26. Qxd7 Rxd7 27. c4 Kc7 28. Rh5 Kd6 29. c5+ Ke6 30. b4 b5 31. Kd2 a6 32. Ra1 Rd8 33. a4 Rd7 34. axb5 axb5 35. Ra6 Rc7 36. Kc3 Ke7 37. Rh1 Ke6 38. Rha1 f5 39. gxf5+ Kxf5 40. Ra7 Rxa7 41. Rxa7 Kxg6 42. Rc7 h5 43. Rxc6+ Kf5 44. Rc7 g6 45. c6 h4 46. Rf7+ Kg4 47. c7 h3 48. c8Q+ Kg3 49. Rh7 Kf2 50. Rxh3 1-0